15 Największych miast Szwajcarii i Austrii - Statystyki

Ogólne statystyki
  • Ten quiz został rozwiązany 23 razy
  • Średni wynik to 11 z 15
Odpowiedzi na mapie
Odpowiedzi zakodowano w zielono-czerwonej skali na mapie do tego quizu, zgodnie z poniższymi procentami.
 
Statystyki odpowiedzi
Państwo Miasto Populacja % Poprawnych
Austria Wiedeń 2 mln
100%
Szwajcaria Genewa 210k
95%
Austria Graz 300k
95%
Austria Innsbruck 130k
95%
Austria Linz 210k
95%
Szwajcaria Zurych 440k
95%
Szwajcaria Bazylea 180k
90%
Szwajcaria Berno 135k
90%
Szwajcaria Lozanna 145k
90%
Austria Salzburg 160k
90%
Szwajcaria Lucerna 85k
48%
Austria Klagenfurt am Wörthersee 105k
38%
Szwajcaria Sankt Gallen 80k
38%
Szwajcaria Winterthur 120k
29%
Austria Villach 65k
24%
Nie znaleziono quizów pasujących do podanych kryteriów
Rozkład punktacji
Procent ludzi z każdym wynikiem
Percentyl według liczby udzielonych odpowiedzi
Twoja historia wyników
Nie rozwiązałeś tego quizu